000 00446cam a2200181ua 4500
020 _c4.00
041 _ahin
_h
082 _a891.54
_bSHA/KU
100 _aShamsher, Bahadur Singh .
245 _aKuch aur kavithayem /
_cShamsher bhahadur singh.
_hTextual Documents
250 _a1 /
_b.
260 _aDelhi :
_bRajkamal Prakashan ,
_c1961.
300 _a94 ; .
365 _a4.00
504 _a
942 _cBK
999 _c8336
_d8336